000 00536 a2200181 4500
999 _c4538
_d4538
010 _aENG-86424
020 _a8181574605
_c150.00
035 _aEN-69957
037 _bDBAD / PUB
082 1 4 _a881
100 1 _aPrakash Kona
245 1 _aWords on lips of a stranger /
_cby Prakash Kona
260 _aKolkata
_bWriters Workshop
_c2005
270 _a162/42, Lake Gardens,
_bCalcutta - 700 045
_cWest Bengal
300 _a92p.
_c22cm (Hb)
490 _aWriters workshop redbird book
942 _adpl
_cEN
_2ddc
_h881
_mPRA